Options, futures, and other Derivatives (Record no. 348977)

000 -LEADER
fixed length control field 00278 a2200121 4500
020 ## - INTERNATIONAL STANDARD BOOK NUMBER
International Standard Book Number 9788131723586
090 ## - LOCALLY ASSIGNED LC-TYPE CALL NUMBER (OCLC); LOCAL CALL NUMBER (RLIN)
-- 6623
-- 6623
100 ## - MAIN ENTRY--PERSONAL NAME
Personal name John C. Hull
245 ## - TITLE STATEMENT
Title Options, futures, and other Derivatives
250 ## - EDITION STATEMENT
Edition statement 7th
260 ## - PUBLICATION, DISTRIBUTION, ETC.
Place of publication, distribution, etc. Delhi
942 ## - ADDED ENTRY ELEMENTS (KOHA)
Institution code [OBSOLETE] NBS
Koha item type Book
Call number prefix 332.645 HUL
Holdings
Withdrawn status Lost status Damaged status Not for loan Permanent Location Current Location Date acquired Total Checkouts Full call number Barcode Date last seen Date last checked out Price effective from Koha item type
        Central Library (CL) Central Library (CL) 08/28/2013 4 332.645 HUL NBS8339 10/12/2020 07/16/2020 08/28/2013 Book
© 2023 Central Library, National University of Sciences and Technology. All Rights Reserved.